Normal view
MARC view
- Industrial relations
Entry Topical Term
001 - CONTROL NUMBER
- control field: 6036
003 - CONTROL NUMBER IDENTIFIER
- control field: OSt
005 - DATE AND TIME OF LATEST TRANSACTION
- control field: 20170518143216.0
008 - FIXED-LENGTH DATA ELEMENTS
- fixed length control field: 170518|| aca||aabn | a|a d
040 ## - CATALOGING SOURCE
- Original cataloging agency: OSt
- Transcribing agency: OSt
150 ## - HEADING--TOPICAL TERM
- Topical term or geographic name entry element: Industrial relations
670 ## - SOURCE DATA FOUND
- Source citation: Work cat.: (OSt)0: Pengurusan masalah dan penyelesaian /, 1993

PORTAL AKMAL
E-MEL JKDM
AKMAL2U
G-BAM
u-PUSTAKA